Statistics for 200 Biggest Cities in the World - name the Country

Click here to take the quiz!

General Stats

  • This quiz has been taken 2,217 times
  • The average score is 161 of 200

Answer Stats

Urban AreaCountry% Correct
TokyoJapan
100%
BeijingChina
99%
ShanghaiChina
99%
DelhiIndia
99%
Mexico CityMexico
99%
New York United States
99%
CairoEgypt
98%
ParisFrance
98%
MoscowRussia
98%
SeoulSouth Korea
98%
LondonUnited Kingdom
98%
Los AngelesUnited States
98%
Buenos AiresArgentina
97%
São PauloBrazil
97%
Rio de JaneiroBrazil
97%
GuangzhouChina
97%
MumbaiIndia
97%
IstanbulTurkey
97%
ChicagoUnited States
97%
Washington, DCUnited States
97%
TorontoCanada
96%
Hong KongChina
96%
JakartaIndonesia
96%
OsakaJapan
96%
MadridSpain
96%
BangkokThailand
96%
DallasUnited States
96%
MiamiUnited States
96%
HoustonUnited States
96%
PhiladelphiaUnited States
96%
BostonUnited States
96%
San FranciscoUnited States
96%
SingaporeSingapore
95%
JohannesburgSouth Africa
95%
DetroitUnited States
95%
SydneyAustralia
94%
WuhanChina
94%
HangzhouChina
94%
ShenyangChina
94%
TehranIran
94%
ManilaPhilippines
94%
AtlantaUnited States
94%
Xi'anChina
93%
NanjingChina
93%
ChongqingChina
93%
XiamenChina
93%
BerlinGermany
93%
MilanItaly
93%
LimaPeru
93%
Saint PetersburgRussia
93%
BarcelonaSpain
93%
MelbourneAustralia
92%
ShantouChina
92%
WenzhouChina
92%
BaghdadIraq
92%
Kuwait CityKuwait
92%
PhoenixUnited States
92%
SeattleUnited States
92%
BrasíliaBrazil
91%
MontrealCanada
91%
SantiagoChile
91%
QingdaoChina
91%
TianjinChina
91%
ZhengzhouChina
91%
Cologne / DusseldorfGermany
91%
AthensGreece
91%
RomeItaly
91%
NaplesItaly
91%
Cape TownSouth Africa
91%
TaipeiTaiwan
91%
Ho Chi Minh CityVietnam
91%
ChengduChina
90%
BogotáColombia
90%
DenverUnited States
90%
ShijiazhuangChina
89%
FrankfurtGermany
89%
KolkataIndia
89%
Kuala LumpurMalaysia
89%
AnkaraTurkey
89%
KievUkraine
89%
ClevelandUnited States
89%
MinneapolisUnited States
89%
OrlandoUnited States
89%
San DiegoUnited States
89%
Guatemala CityGuatemala
88%
BirminghamUnited Kingdom
88%
ManchesterUnited Kingdom
88%
AlgiersAlgeria
87%
AlexandriaEgypt
87%
NairobiKenya
87%
LagosNigeria
87%
RiyadhSaudi Arabia
87%
DubaiUAE
87%
ChangchunChina
86%
FuzhouChina
86%
RotterdamNetherlands
86%
KarachiPakistan
86%
TampaUnited States
86%
NanchangChina
85%
HamburgGermany
85%
KabulAfghanistan
84%
DhakaBangladesh
84%
VancouverCanada
84%
ChangzhouChina
84%
CasablancaMorocco
84%
PyongyangNorth Korea
84%
LisbonPortugal
84%
BrisbaneAustralia
83%
WuxiChina
83%
BudapestHungary
83%
DamascusSyria
83%
HanoiVietnam
83%
XuzhouChina
82%
JinanChina
82%
LanzhouChina
81%
JiangyinChina
81%
GuiyangChina
81%
ChangshaChina
81%
NagoyaJapan
81%
CincinnatiUnited States
81%
CaracasVenezuela
81%
HuizhouChina
80%
KinshasaD.R. Congo
80%
HyderabadIndia
80%
BengaluruIndia
80%
GuadalajaraMexico
80%
TunisTunisia
80%
Addis AbabaEthiopia
79%
AhmedabadIndia
79%
Tel Aviv-JaffaIsrael
79%
LahorePakistan
78%
TaiyuanChina
77%
NanningChina
77%
KunmingChina
77%
JaipurIndia
77%
MadrasIndia
76%
KathmanduNepal
76%
Belo HorizonteBrazil
75%
Port-au-PrinceHaiti
75%
ColomboSri Lanka
75%
KhartoumSudan
75%
FukuokaJapan
74%
FaisalabadPakistan
74%
JeddahSaudi Arabia
74%
QuitoEcuador
73%
MonterreyMexico
73%
Santo DomingoDominican R.
72%
AmmanJordan
72%
LuandaAngola
71%
PuneIndia
71%
MedellínColombia
70%
DakarSenegal
70%
Porto AlegreBrazil
69%
HefeiChina
69%
AccraGhana
69%
SapporoJapan
69%
Dar es SalaamTanzania
69%
RecifeBrazil
67%
NingboChina
67%
SalvadorBrazil
66%
HarbinChina
66%
NagpurIndia
66%
SuratIndia
66%
PueblaMexico
66%
FortalezaBrazil
65%
DalianChina
65%
KanpurIndia
65%
AbujaNigeria
65%
IzmirTurkey
65%
DurbanSouth Africa
64%
YangonBurma
63%
IndoreIndia
63%
SurabayaIndonesia
63%
RawalpindiPakistan
63%
TashkentUzbekistan
63%
BandungIndonesia
62%
ÜrümqiChina
61%
KampalaUganda
61%
PusanSouth Korea
60%
ChittagongBangladesh
57%
LucknowIndia
56%
CuritibaBrazil
55%
AbidjanCôte d'Ivoire
55%
YaoundéCameroon
54%
CaliColombia
54%
CampinasBrazil
53%
ZiboChina
53%
BamakoMali
53%
AnshanChina
52%
BhilaiIndia
51%
DaeguSouth Korea
51%
IsfahanIran
50%
MashhadIran
50%
KanoNigeria
49%
GuayaquilEcuador
48%
KaohsiungTaiwan
43%
MedanIndonesia
42%
IbadanNigeria
40%
DoualaCameroon
37%
KumasiGhana
28%

Score Distribution

Percentile by Number Answered

Percent of People with Each Score

Your Score History

You have not taken this quiz